Sports Quiz

Random Sports or NFL Quiz

2014 NFL All-Pro 1st Team Quiz Stats

Quiz not verified by Sporcle

Challenge
Share
Tweet
Embed
Score 0/27 Timer 08:00
0 Plays Today
Position Player % Correct
Tight EndRob Gronkowski
100%
QuarterbackAaron Rodgers
99.4%
Running BackDeMarco Murray
99.4%
Running BackLe'Veon Bell
99.4%
Wide ReceiverDez Bryant
99.4%
CornerbackRichard Sherman
98.7%
Wide ReceiverAntonio Brown
98.1%
Defensive EndJ.J. Watt
98.1%
Defensive TackleNdamukong Suh
97.5%
Offensive TackleJoe Thomas
91.8%
Defensive EndMario Williams
91.8%
CornerbackDarrelle Revis
91.8%
SafetyEarl Thomas
91.8%
FullbackJohn Kuhn
88.7%
Position Player % Correct
Inside LinebackerLuke Kuechly
88.1%
PlacekickerAdam Vinatieri
83.6%
CenterMaurkice Pouncey
79.9%
Outside LinebackerJustin Houston
76.1%
SafetyEric Weddle
75.5%
Offensive TackleTyron Smith
73.6%
Kick ReturnerAdam Jones
69.2%
Inside LinebackerBobby Wagner
63.5%
Offensive GuardZack Martin
62.9%
PunterPat McAfee
61.6%
Defensive TackleMarcell Dareus
61%
Offensive GuardMarshal Yanda
58.5%
Outside LinebackerElvis Dumervil
53.5%

You're not logged in!

Compare scores with friends on all Sporcle quizzes.
Sign Up with Email
OR
Log In

You Might Also Like...

Show Comments

Extras

Top Quizzes Today


Score Distribution

Your Account Isn't Verified!

In order to create a playlist on Sporcle, you need to verify the email address you used during registration. Go to your Sporcle Settings to finish the process.

Report this User

Report this user for behavior that violates our Community Guidelines.

Details: